Masses et culture de masse dans les annees Trente (Record no. 89044)
[ view plain ]
| 000 -LEADER | |
|---|---|
| fixed length control field | 01160nam a2200313Ia 4500 |
| 001 - CONTROL NUMBER | |
| control field | B7000 |
| 003 - CONTROL NUMBER IDENTIFIER | |
| control field | IT-RoPAU |
| 008 - FIXED-LENGTH DATA ELEMENTS--GENERAL INFORMATION | |
| fixed length control field | 130308s9999 xx 000 0 und d |
| 040 ## - CATALOGING SOURCE | |
| Original cataloging agency | IT-RoPAU |
| 040 ## - CATALOGING SOURCE | |
| Transcribing agency | IT-RoPAU |
| 041 ## - LANGUAGE CODE | |
| Language code of text/sound track or separate title | FRANCESE |
| 100 ## - MAIN ENTRY--PERSONAL NAME | |
| Personal name | AA.VV. |
| 100 ## - MAIN ENTRY--PERSONAL NAME | |
| Miscellaneous information | Codice Aut. SPICS: 12000 |
| 245 ## - TITLE STATEMENT | |
| Title | Masses et culture de masse dans les annees Trente |
| 245 ## - TITLE STATEMENT | |
| Remainder of title | Masses et Culture de masse Dans Les Annees Trente |
| 250 ## - EDITION STATEMENT | |
| Edition statement | 1a ed. |
| 260 ## - PUBLICATION, DISTRIBUTION, ETC. (IMPRINT) | |
| Place of publication, distribution, etc. | PARIS |
| 260 ## - PUBLICATION, DISTRIBUTION, ETC. (IMPRINT) | |
| Name of publisher, distributor, etc. | Ouvrieres |
| 260 ## - PUBLICATION, DISTRIBUTION, ETC. (IMPRINT) | |
| Date of publication, distribution, etc. | 1991 [1° Ed.:1991 - Ed.Ling.Originale:1991] |
| 300 ## - PHYSICAL DESCRIPTION | |
| Extent | "236 p. (prefazione: no ; testo: 236 [pagine: 0-0])" |
| 500 ## - GENERAL NOTE | |
| General note | Masse e Cultura di Massa Negli Anni trenta . contributi di Autori Vari. Soggetto in Questione. cattedrali dell'uomo Nuovo. Scarico dei Sogni. passaggio Dalla Cultura Alle Culture e Alla Comunicazione. Irruzione delle masse sotto la pressione dei Nuovi Rapporti Sociali. Profeti dell'immaginario Sociale. |
| 650 ## - SUBJECT ADDED ENTRY--TOPICAL TERM | |
| Topical term or geographic name as entry element | POLITICA DELLA COMUNICAZIONE SOCIALE |
| 650 ## - SUBJECT ADDED ENTRY--TOPICAL TERM | |
| Relator term | Codice materia Spics: 3803 |
| 700 ## - ADDED ENTRY--PERSONAL NAME | |
| Personal name | Robin Regine |
| 700 ## - ADDED ENTRY--PERSONAL NAME | |
| Miscellaneous information | Codice Aut. SPICS: 21766 |
| 942 ## - ADDED ENTRY ELEMENTS (KOHA) | |
| Koha item type | LIBRO |
| 957 ## - | |
| -- | 1 |
| 999 ## - SYSTEM CONTROL NUMBERS (KOHA) | |
| -- | 1 |
| Withdrawn status | Lost status | Damaged status | Not for loan | Home library | Current library | Date acquired | Total Checkouts | Full call number | Date last seen | Price effective from | Koha item type | Public note |
|---|---|---|---|---|---|---|---|---|---|---|---|---|
| Buone Condizioni | Not For Loan | SPICS-MEDIATECA | SPICS-MEDIATECA | 08/03/2013 | B7000 | 08/03/2013 | 08/03/2013 | LIBRO | Progressivo inserimento: 12323 / N. Volumi: 1 Copie: 1 / data import: 1 marzo 2013 - By Epidotti, Trombetti, Vaglietti. |